000 00212nam a2200097Ia 4500
005 20251222114339.0
008 251222s1900||||xx |||||||||||||| ||spa||
082 _aDVD0070/S75A/1997
245 0 _aAmistad:
942 _cDVD
999 _c782
_d782